|
|
|
|
| LEADER |
02653nam a2200613 a 4500 |
| 001 |
nkc20142616593 |
| 003 |
CZ PrNK |
| 005 |
20230822141713.0 |
| 007 |
ta |
| 008 |
140903s2014 xr ac f 001 0dcze |
| 015 |
|
|
|a cnb002616593
|
| 020 |
|
|
|a 978-80-7378-260-3
|q (brož.)
|
| 035 |
|
|
|a (OCoLC)892782086
|
| 040 |
|
|
|a ABA001
|b cze
|
| 041 |
1 |
|
|a cze
|a lat
|b eng
|h lat
|
| 045 |
|
|
|a n-n-
|
| 072 |
|
7 |
|a 51
|x Matematika
|2 Konspekt
|9 13
|
| 080 |
|
|
|a 51
|2 MRF
|
| 080 |
|
|
|a 511.1
|2 MRF
|
| 080 |
|
|
|a (048.8)
|2 MRF
|
| 080 |
|
|
|a (0.072)
|2 MRF
|
| 100 |
0 |
|
|a Silvestr
|b II.,
|c papež,
|d asi 940-1003
|7 skuk0005254
|4 aut
|4 ant
|
| 245 |
1 |
0 |
|a Matematické listy Gerberta z Remeše /
|c přeložili Marek Otisk a Richard Psík ; úvodní studie a komentáře Marek Otisk
|
| 250 |
|
|
|a Vyd. 1.
|
| 260 |
|
|
|a Praha :
|b Matfyzpress,
|c 2014
|
| 300 |
|
|
|a 164 s. :
|b il., portréty ;
|c 24 cm
|
| 490 |
1 |
|
|a Dějiny matematiky ;
|v sv. 57
|
| 500 |
|
|
|a Nad názvem: Centrum Vivarium FF OU, katedra didaktiky matematiky MFF UK
|
| 504 |
|
|
|a Obsahuje bibliografii, bibliografické odkazy a rejstřík
|
| 546 |
|
|
|a Část. souběžný původní latinský text, anglické resumé
|
| 550 |
|
|
|a Vydavatel: Matematicko-fyzikální fakulta Univerzity Karlovy v Praze
|
| 600 |
0 |
7 |
|a Silvestr
|b II.,
|c papež,
|d asi 940-1003
|7 skuk0005254
|2 czenas
|
| 648 |
|
7 |
|a 10. století
|7 ch460548
|2 czenas
|
| 650 |
0 |
7 |
|a matematika
|7 ph117231
|x díla do r. 1800
|2 czenas
|
| 650 |
0 |
7 |
|a aritmetika
|7 ph118605
|y 10. století
|2 czenas
|
| 650 |
0 |
9 |
|a mathematics
|x early works to 1800
|2 eczenas
|
| 650 |
0 |
9 |
|a arithmetic
|y 10th century
|2 eczenas
|
| 655 |
|
7 |
|a studie
|7 fd133597
|2 czenas
|
| 655 |
|
7 |
|a komentáře
|7 fd132578
|2 czenas
|
| 655 |
|
9 |
|a studies
|2 eczenas
|
| 655 |
|
9 |
|a commentaries
|2 eczenas
|
| 700 |
1 |
|
|a Otisk, Marek,
|d 1976-
|7 xx0025062
|4 trl
|4 wfw
|4 cwt
|
| 700 |
1 |
|
|a Psík, Richard,
|d 1967-
|7 pna2005262009
|4 trl
|
| 710 |
2 |
|
|a Ostravská univerzita.
|b Centrum pro studium středověké společnosti a kultury - Vivarium
|7 pna2014802184
|
| 710 |
2 |
|
|a Univerzita Karlova.
|b Katedra didaktiky matematiky
|7 xx0005906
|
| 830 |
|
0 |
|a Dějiny matematiky
|0 s
|
| 856 |
4 |
1 |
|u https://dml.cz/handle/10338.dmlcz/402402
|y Digitalizovaný dokument (Czech Digital Mathematics Library)
|
| 910 |
2 |
|
|a BOA001
|b 2-1332.471
|
| 990 |
|
|
|a BK
|
| 995 |
|
|
|a 01
|
| 991 |
|
|
|b 201410
|c NOV
|e n
|
| 996 |
6 |
|
|b 2610605940
|c 2-1332.471
|l MZK
|r Sklad / do 1 hodiny
|n 2
|p p.v.
|w 001456919
|u 000010
|a 1
|e BOA001
|j MZK50
|s P
|
| 996 |
6 |
|
|b 2610610881
|c 2-1332.471
|l MZK
|r STM 6p
|n 0
|p kup
|h 51 SIL
|w 001456919
|u 000020
|a 0
|e BOA001
|j MZK50
|s P
|
| 996 |
7 |
|
|b 2610610882
|c 2-1332.471
|l MZK
|r Sklad / do 1 hodiny
|n 0
|p kup
|w 001456919
|u 000030
|a 1
|e BOA001
|j MZK50
|s A
|